00417nam a2200157Ia 4500003000400000008004100004040001600045082001300061100001900074245005300093260004000146300001000186490002600196650001500222650002200237GCL140319s9999 xx 000 0 eng d aGCL / cGCL04a843bL P1 aLOUIS, CHARLES10aPHILIPPE BUBU DE MONTPARNASSE / cLOUIS, CHARLES a[S.N] : bBERNARD GRASSET ، c1986 a188 P aLES CAHIERS ROUGESv004aLITERATURE04aFRENCH LITERATURE